000 00610nam a22001937a 4500
003 NUST-PNEC
005 20170116180742.0
008 141225b xxu||||| |||| 00| 0 eng d
020 _a0684858401
040 _cPNEC
082 _a158.1 COV
100 _91148
_aCovey Stephen
245 _aFirst things first
_cStephen Covey
260 _aLondon :
_bSimon & Schuster,
_cc1999.
300 _a368 p. ;
_c24 cm.
500 _aIncludes index.
856 _uhttp://www.amazon.com/First-Things-Stephen-R-Covey/dp/0684858401/ref=sr_1_1?s=books&ie=UTF8&qid=1419497946&sr=1-1&keywords=0684858401
942 _2ddc
_cBK
999 _c62221
_d62221